The Imagination Challenge : Strategic Foresight and Innovation in the Global Economy /

Obra en que aborda la necesidad de impulsar el espíritu creativo de las personas en el ámbito laboral, al margen de los límites que impone una producción eficiente y predecible. Sostiene el autor que es importante permitir que los empleados jueguen con las posibilidades del "y si...", para potenciar...

Fuld beskrivelse

Guardado en:
Bibliografiske detaljer
Hovedforfatter: Manu, Alexander (autor)
Format: Bog
Sprog:engelsk
Udgivet: Berkeley, EUA : New Riders, 2007, c2007
Fag:
Tags: Tilføj Tag
Ingen Tags, Vær først til at tagge denne postø!

MARC

LEADER 00000nam^a2200000^a^4500
001 000195554
005 20250521000000.0
009 20260310102756.487
020 |a 0-321-41365-2 
037 |a Acervo ITESO - Biblioteca 
041 |a ING 
082 |a 658. 4063  |b MAN 
100 |a Manu, Alexander  |e (autor) 
245 1 4 |a The Imagination Challenge :  |b Strategic Foresight and Innovation in the Global Economy /  |c A. Manu. 
264 4 |a Berkeley, EUA :  |b New Riders,  |c 2007, c2007 
300 |a X, 262 p. 
336 |a texto  |b txt  |2 rdacontenido 
337 |a sin mediación  |b n  |2 rdamedio 
338 |a volumen  |b nc  |2 rdasoporte 
520 |a Obra en que aborda la necesidad de impulsar el espíritu creativo de las personas en el ámbito laboral, al margen de los límites que impone una producción eficiente y predecible. Sostiene el autor que es importante permitir que los empleados jueguen con las posibilidades del "y si...", para potenciar la creatividad de las personas y, con ello, generar nuevas oportunidades para las empresas. 
530 |a Existe una edición en formato digital en línea con el mismo título 
649 |a XX 
650 |a Creatividad en los Negocios -  |x Tema Principal 
650 |a Desarrollo de Productos Nuevos 
650 |a Desarrollo Tecnológico 
650 |a Proceso de Producción 
650 |a Proceso Administrativo -  |x Dirección 
650 |a Administración 
650 |a Ciencias Administrativas 
910 |a Fondo General 
920 |a Impresos - Libros 
930 |a Colección General 
905 |a 101 
901 |a 0500141491  |b IT1  |c ACC  |u 20250521 
902 |a https://opac.biblio.iteso.mx/vufind/Record/000195554